Les surprenants chiffres des Français - 8 - Statistiques

Statistiques générales
  • Ce quiz a été pris 16 fois
  • Le résultat moyen est 7 sur 15
Statistiques - réponses
Hint Réponse % Correct
47533 litres par seconde d'eau potable perdue par des fuites
67%
toutes les 4 secondes En France, un téléviseur se vend...
60%
500 litres d'eau pour laver une voiture à domicile
53%
66 % des piles ne sont pas recyclées en France
53%
60 litres d'eau pour laver une voiture à haute pression
47%
360 Euros par an Dépense d'eau par Français (robinet)
47%
2500 Euros par an Dépense en nouvelles technologies d'un foyer français
47%
toutes les 2 secondes
En décembre, un smartphone se vend...
47%
55 Millions par an Nombre de flacons de parfum achetés par les Français
47%
20 % de l'eau potable part dans les toilettes
47%
145 litres par an Consommation d'eau en bouteille des Français
40%
8,5 euros Dépense moyenne de shampooing en France
40%
85 Euros Montant moyen d'un achat sur internet
33%
180 Milliards par an Nombre de SMS envoyés en France
33%
1 flacon toutes les 2 secondes Vente de flacons de crème solaire en France
33%
Aucun quiz correspondant
Distribution des résultats
% des personnes avec chaque résultat
Percentile par nombre de réponses
Votre historique - résultats
Vous n’avez pas pris ce quiz